[Event "Biel"]
[Site "Biel"]
[Date "1986.07.23"]
[Round "4"]
[White "Klinger, Josef"]
[Black "Hort, Vlastimil"]
[Result "0-1"]
[WhiteElo "2430"]
[BlackElo "2545"]
[Annotator "Dolmatov,S"]
[PlyCount "99"]
[EventDate "1986.07.20"]
[EventType "tourn"]
[EventRounds "11"]
[EventCountry "SUI"]
[EventCategory "12"]
[SourceTitle "MCL"]
[Source "ChessBase"]
[SourceDate "1999.07.01"]
[SourceVersion "1"]
[SourceVersionDate "1999.07.01"]
[SourceQuality "1"]

1. e4 e5 2. Nf3 Nc6 3. Bb5 a6 4. Ba4 Nf6 5. O-O Be7 6. Re1 b5 7. Bb3 d6 8. a4
b4 9. a5 O-O 10. d4 Nxd4 (10... Bg4 11. dxe5 (11. d5 Nd4 12. Nbd2 c6 13. dxc6
Nxb3 14. cxb3 Rc8 $10) 11... Nxe5 12. Nbd2 $14) 11. Nxd4 exd4 12. Qxd4 Rb8 13.
Bg5 h6 14. Bh4 Ng4 15. Bxe7 Qxe7 16. Nd2 Be6 17. Nc4 (17. h3 Ne5 18. f4 c5 19.
Qe3 Nc6 20. Bxe6 $10) 17... Rfd8 18. Red1 (18. h3 $5 c5 19. Qd3 (19. Qd2 Ne5
20. Qe2 (20. Nxe5 dxe5 21. Qe2 Bxb3 22. cxb3 Rb5 $10) 20... Nc6) 19... Ne5 20.
Nxe5 dxe5 21. Bd5 $14 (21. Qxa6 c4 22. Bxc4 Rd6 $17)) 18... Qg5 19. f3 $2 Bxc4
20. fxg4 (20. Bxc4 $2 Qe3+ 21. Kh1 (21. Qxe3 Nxe3 $19) 21... Nf2+ 22. Kg1 Nxd1+
) 20... Be6 $5 (20... Bxb3 21. cxb3 Qxg4 22. Qc4 Qc8 (22... Rb5 23. Qxc7 Rc8
24. Qxd6) 23. Qc6 Rb5 24. Rac1 $15) 21. Bxe6 fxe6 22. Qc4 Qc5+ 23. Qxc5 dxc5
$15 24. Kf2 Kf7 25. Ke3 Ke7 26. b3 e5 27. Rd3 $6 (27. Rxd8 Rxd8 28. Rf1 Rd4 29.
Rf5 Ke6 30. g5 $10) 27... Rd4 28. Rxd4 $2 (28. Rf1 Rb5 29. Rf5 Ke6 $15) 28...
exd4+ 29. Kd3 Rf8 30. Re1 Kd6 (30... Rf2 31. Re2 Rxe2 32. Kxe2 c4 33. bxc4 c5
34. h4 $10) 31. e5+ Ke6 32. Re2 (32. Kc4 Rf2 33. Kxc5 Rxc2+ 34. Kxd4 c5+ 35.
Ke4 Rxg2 $17) 32... Rb8 33. Ke4 $6 (33. Re1 Rb5 34. Ra1 Kxe5 35. Kc4 Kf4 $17) (
33. Kc4 Rb5 34. h4 Rxa5 35. g5 hxg5 36. hxg5 Ra2 37. g6 a5 $19) (33. Rf2 $32
Rb5 34. Rf8 $15) 33... Rf8 34. Kd3 Rb8 35. Ke4 Rb5 36. Rf2 Rxa5 37. Rf8 Ra2 38.
Re8+ Kd7 39. Rg8 Rxc2 40. Rxg7+ Ke6 41. Rg6+ Ke7 42. Rxh6 c4 43. bxc4 b3 44.
Rh3 b2 45. Rb3 a5 46. Rb7 a4 47. Kd5 d3 48. e6 d2 49. Rxc7+ Kd8 50. e7+ 0-1

[Event "Olympiad-31"]
[Site "Moscow"]
[Date "1994.12.11"]
[Round "10.2"]
[White "Ulybin, Mikhail"]
[Black "Sturua, Zurab"]
[Result "1/2-1/2"]
[WhiteElo "2510"]
[BlackElo "2535"]
[Annotator "Dolmatov,S"]
[PlyCount "123"]
[EventDate "1994.12.01"]
[EventType "team-swiss"]
[EventRounds "14"]
[EventCountry "RUS"]
[SourceTitle "CBM 045"]
[Source "ChessBase"]
[SourceDate "1995.04.01"]
[SourceVersion "1"]
[SourceVersionDate "1995.04.01"]
[SourceQuality "1"]
[WhiteTeam "Russia II"]
[BlackTeam "Georgia"]
[WhiteTeamCountry "RUS"]
[BlackTeamCountry "GEO"]

1. e4 e5 2. Nf3 Nc6 3. Bb5 a6 4. Ba4 d6 5. O-O Nf6 6. c3 b5 7. Bb3 Be7 8. Re1
O-O 9. a4 $6 (9. h3) 9... b4 (9... Bg4 $5 10. h3 Bxf3 11. Qxf3 Na5 12. Bc2 c5
13. d3 b4 14. Nd2 Nd7 $10) 10. a5 Rb8 11. Bc4 bxc3 12. dxc3 (12. bxc3 $2 Nxa5
13. Rxa5 Rxb1 $10) 12... Na7 (12... Bb7 13. Nbd2 Qc8 14. Nf1 Nd8 15. Ng3 Ne6
16. b4 Rd8 17. Qb3 $14 {Liberzon,V-Nikolaevsky,Y/URS/1966/}) 13. Nbd2 (13. Bf1
Nb5 14. Nbd2 Nd7 15. Qc2 Nc5 16. b4 Ne6 17. Nc4 g6 18. Bh6 $14 {Gipslis,
A-Nikitin,A/URS/1970/}) 13... Nb5 14. Qc2 h6 15. b4 Nh5 $6 (15... Nh7 $5 16.
Nf1 Ng5 17. Nxg5 Bxg5 18. Ne3 c6 $132) 16. Nf1 Nf6 (16... Nf4 $6 17. Bxf4 exf4
18. Qd2 Bf6 19. Rac1 $14) 17. Ne3 c6 18. Bb2 (18. Bf1 Ng4 19. Nc4 f5 $132) (18.
Bd3 $5 Ng4 19. Nc4 $14) 18... Ng4 19. Nf1 (19. Bd3 $6 Nxe3 20. Rxe3 Nc7 $132)
19... Qc7 20. Rad1 (20. h3 $5 Nf6 21. Ne3 Be6 22. Bxe6 fxe6 23. c4 $14) 20...
c5 21. Qb3 Bd7 22. h3 Nf6 23. Nh4 $1 (23. Ne3 Qa7 $1 24. Nd5 Nxd5 25. Bxd5 Nc7
$132) 23... Bc6 24. Ng6 (24. Ng3 $2 Nxe4 25. Nxe4 Bxh4) 24... Bxe4 25. Nxf8
Bxf8 26. Ne3 $16 Bc6 27. bxc5 $2 (27. Nd5 $5 Bxd5 28. Bxd5 Nxd5 29. Qxd5 c4 30.
Re4 Rc8 31. f4 $16) 27... dxc5 28. Qa2 Qb7 29. Ba1 Be4 30. Nd5 Nd6 31. Nxf6+
gxf6 32. Bf1 (32. Bd5 Bxd5 33. Qxd5 Qxd5 34. Rxd5 Nc4 35. Red1 Kg7 36. Rd8 Rb5
$132) 32... Qc6 33. Qe2 $2 (33. c4 $5 $14) 33... c4 $1 34. Bb2 (34. Rxd6 Bxd6
35. Qxe4 Qxe4 36. Rxe4 Rb1 37. Rxc4 Rxa1 38. Rc6 $10) 34... Rb3 $44 35. Ba1 (
35. Bc1 $5) 35... Bg6 36. Kh2 Qc7 37. g3 Qxa5 38. Bg2 Qb6 39. Bd5 Kg7 40. h4 a5
(40... h5 41. Kg2 Qb5 42. Bf3) 41. h5 Bd3 42. Qg4+ Kh7 43. Qf3 e4 44. Bxe4+ $8
(44. Qxf6 Bg7 45. Qf4 f5 $17) 44... Bxe4 45. Rxe4 Nxe4 46. Qxe4+ Kh8 47. Rd4 $1
Rb5 (47... Rb1 $2 48. Qe8 Qc5 (48... Qb7 49. Qxf8+ Kh7 50. f3 $16) 49. Qxf7)
48. Qe8 Rxh5+ 49. Kg2 Kg8 (49... Qb7+ 50. f3 Kg7 $15) 50. Rg4+ Rg5 51. Rxc4
Qb7+ 52. Qe4 Qd7 (52... Qxe4+ 53. Rxe4 Rb5 54. Ra4 $10) 53. Rd4 Qe6 54. c4
Qxe4+ 55. Rxe4 a4 56. Bxf6 Ra5 $10 57. Re8 a3 58. c5 a2 59. c6 Ra7 (59... a1=Q
$2 60. Bxa1 Rxa1 61. c7 $18) 60. Bd4 Rc7 61. Ra8 Rxc6 62. Rxa2 1/2-1/2

[Event "RUS-ch sf 58th"]
[Site "Kazan"]
[Date "2005.09.10"]
[Round "8"]
[White "Timofeev, Artyom"]
[Black "Jakovenko, Dmitrij"]
[Result "1/2-1/2"]
[WhiteElo "2661"]
[BlackElo "2627"]
[Annotator "Erenburg,S"]
[PlyCount "82"]
[EventDate "2005.09.03"]
[EventType "swiss"]
[EventRounds "9"]
[EventCountry "RUS"]
[SourceTitle "CBM 109"]
[Source "ChessBase"]
[SourceDate "2005.11.14"]
[SourceVersion "1"]
[SourceVersionDate "2005.11.14"]
[SourceQuality "1"]

1. e4 e5 2. Nf3 Nc6 3. Bb5 a6 4. Ba4 Nf6 5. O-O Be7 6. Re1 b5 7. Bb3 d6 8. a4 {
Another theoretical line is} (8. c3 O-O 9. d4 Bg4 10. d5 Na5 11. Bc2 {1-0 Comp
Hydra-Adams,M/London 2005/CBM 108_01/[Erenburg] (28)}) 8... Bb7 {After black
developed his light-squared bishop to b7, white doesn't need to lose the time
on h2-h3. Other options are:} (8... Na5 9. axb5 Nxb3 10. cxb3 Bb7 11. bxa6 Bxa6
12. d4 O-O 13. Nc3 Bb7 14. Ra4 exd4 15. Nxd4 Rxa4 16. bxa4 {1-0 Nay Oo Kyaw
Tun-Aung Aung/Bangkok 2004/CBM 103/[Marin,M] (39)}) (8... b4 9. a5 O-O 10. d4
Nxd4 11. Nxd4 exd4 12. Qxd4 Rb8 13. Bg5 h6 14. Bh4 Ng4 15. Bxe7 Qxe7 16. Nd2
Be6 17. Nc4 Rfd8 18. Red1 Qg5 19. f3 $2 Bxc4 $17 {0-1 Klinger,J-Hort,V/Biel
1986/MCL/[Dolmatov] (50)}) 9. c3 O-O (9... Na5 10. Bc2 c5 11. d4 O-O 12. Nbd2
cxd4 13. cxd4 Nc6 $146 14. Nb3 $5 d5 $5 15. axb5 axb5 16. Rxa8 Bxa8 17. dxe5
Nxe4 18. Nfd4 Nxd4 19. Nxd4 $14 {1-0 Kupreichik,V-Hjartarson,J/Winnipeg 1986 
[Kupreichik,V] (47)}) 10. d4 {White has got the position from Zaitsev
variation, but instead of h2-h3 move, he has played a2-a4, that seems to me
more useful in this position.} h6 {covering the g5 square. Other possibilities
are:} (10... Nd7 11. Nbd2 Bf6 12. Nf1 Ne7 13. Ng3 Ng6 14. Qe2 Bc6 15. Be3 $16 {
1/2-1/2 Ulibin,M-Sulskis,S/Vilnius 1997/EXT 98 (79)}) (10... Na5 11. Bc2 c5 12.
dxe5 dxe5 13. Nxe5 Nxe4 14. axb5 axb5 15. Nd7 Re8 16. Bxe4 Bxe4 17. Rxe4 Ra7
$11 {0-1 Van der Wiel,J-Torre,E/Biel 1985/IZT (58)}) (10... exd4 11. cxd4 Na5
12. Bc2 d5 13. e5 Ne4 14. Nc3 b4 15. Nxe4 dxe4 16. Rxe4 Nb3 17. Rb1 c5 18. Rg4
Bxf3 19. Qxf3 Nxd4 20. Qe4 g6 21. Bd3 Qd7 22. Bh6 Rfe8 23. Bc4 Bf6 24. Rxg6+ {
1-0 Sulskis,S-Butnorius,A/Kaunas 2001/CBM 082 ext (24)}) (10... Re8 11. Nbd2
Bf8 12. d5 Na5 13. Ba2 c6 14. b4 Nc4 15. Nxc4 bxc4 16. dxc6 Bxc6 17. Bg5 $16 {
1/2-1/2 Van Haastert,E-Solleveld,M/Hengelo 2002/CBM 088 ext (36)}) 11. Nbd2 ({
Comes to consideration:} 11. Na3 $5) 11... Re8 (11... exd4 12. Nxd4 Nxd4 13.
cxd4 c5 14. e5 dxe5 15. dxe5 Nd5 16. Qg4 Qc8 17. Qg3 Qe6 18. Nf3 {1/2-1/2
Varga,Z-Petran,P/Eger 1992/EXT 97 (18)}) 12. Bc2 {transfering the bishop to
f1-a6 diagonal, and liberating way to the "b" pawn.} (12. Qe2 Qb8 13. Bc2 Bf8
14. d5 Na7 (14... Ne7 {Bulletin} 15. axb5 axb5 16. Rxa8 Bxa8 17. b4 $14) 15. c4
c6 16. b3 cxd5 17. cxd5 Nd7 18. b4 $16 {1-0 Kupreichik,V-Kakageldyev,A/
Ashkhabad 1978/MCL/[Bulletin] (29)}) (12. Nf1 Bf8 13. Ng3 Na5 14. Bc2 g6 15. b3
c5 16. d5 Bg7 17. h3 Qc7 18. Be3 $14 {0-1 Miulescu,G-Sofronie,I/Romania 1994/
EXT 97 (27)}) 12... Bf8 13. d5 Ne7 {[%cal Ye7c8,Yc8b6,Yf6d7,Yd7c5] It is not
an easy question where to move the queenside knight. Basically, black has to
transfer his knights to c5 and b6 squares. Dmitry chooses to transfer his
queenside knight to b6 via c8, while the kingside knight will be transfered to
c5 via d7. As we see, in this case black's knights has other routes- they
don't disturb each other.} ({While, after 13...Nb8 they would disturb...} 13...
Nb8 {[%cal Yb8d7,Yd7c5,Yf6d7,Yd7b6]} 14. Bd3 bxa4 15. Rxa4 c6 16. c4 c5 17. Nb3
$14 {1-0 Milovanovic,R-Jakubovics,N/Tuzla 1991/EXT 97 (44)}) 14. b3 $146 {
White is preparing to strengthen his centre by c3-c4. In the preceding game
white continued} (14. c4 bxc4 15. Nxc4 c6 16. dxc6 Nxc6 17. a5 Qc7 18. Nb6 Rab8
19. Bd2 $14 {1/2-1/2 Galdunts,S-Hedke,F/Groningen 1993/CBM 038 ext (56)}) 14...
c6 15. c4 bxc4 16. bxc4 {Black's light-squared bishop's possibilities are
limitted by white's central pawns very much, so, black transfers it to a6-f1
diagonal.} a5 17. Nf1 {transfering the knight to e3.} Ba6 18. Ne3 Qc7 {Black
is willing to locate his heavy pieces on the "c" and "b" files.} 19. Ba3 {
It is the best location for the dark-squared bishop, as from here it presses
black's d6 pawn and covers the c5 spot.} Nc8 {transfering the knight to b6.}
20. Nd2 {strengthening the c4 pawn.} Nb6 21. Rc1 {White covers the squares on
the "c" file. Otherwise, he should have sacrificed the pawn:} (21. Qf3 $5 Nxc4
22. Ndxc4 Bxc4 (22... cxd5 23. Nd2 (23. exd5 Bxc4 24. Rac1 $16 {[%cal Ge3c4,
Yc2b3]}) 23... d4 $15) 23. Nxc4 cxd5 24. Ne3 d4 $13) (21. Qe2 $2 cxd5 22. exd5
Nfxd5 $17) 21... Rec8 22. Bb3 {opening the semi-open file "c" for the rook.}
Nbd7 {transfering the knight to c5.} (22... Nfd7 $5 23. Qf3 (23. c5 Nxc5 24.
Bxc5 dxc5 25. dxc6 Qxc6 26. Qf3 Ra7 $15) (23. dxc6 Qxc6 24. Nd5 Rab8 $11) 23...
Nc5 24. Bxc5 dxc5 25. Qg3 $13 {[%cal Ye3g4]}) 23. dxc6 $1 {White has to act
immediately, otherwise, black will equalize after transfering the knight to c5.
} (23. Qf3 Nc5 24. Bxc5 dxc5 $11) 23... Qxc6 (23... Nc5 24. Nd5 $1 (24. Bxc5
dxc5 25. Nd5 Qxc6 $11) 24... Nxd5 25. cxd5 Nd3 26. Bc4 $16) 24. Nd5 Rab8 25.
Nc3 $1 {transfering the knight to b5 stronghold.} (25. Qf3 $5 Nh7 {[%cal Yd7c5]
} 26. c5 Ng5 (26... Nxc5 27. Ne7+ Bxe7 28. Qxf7+ Kh8 29. Qxe7 $14) 27. Qc3 dxc5
(27... Nxc5 28. Qxa5 $14) 28. Qxa5 Qg6 $11 {[%cal Yg5e6]}) 25... Nc5 26. Bc2 {
strengthening the e4 pawn, and keeping an important light-squared bishop on
the board.} Nfd7 {transfering the kingside knight to b6.} ({The exchange
sacrifce doesn't work here:} 26... Rb4 $2 27. Bxb4 axb4 28. Nb5 $18 {[%cal
Yc1b1,Gb5a7]}) 27. Nb5 {[%cal Gb5a7]} Ra8 {covering the a7 square.} (27... Rb7
28. Bb2 Be7 29. Bc3 Qb6 (29... Bd8 30. Nf3 $14) 30. Rb1 $14) 28. Nf1 $1 {
Step by step white improves the position of his pieces. Now Artyom is
transfering his knight to d5 via e3.} Nb6 29. Ne3 $14 {White's position is
slightly better, thanks to space advantage. It should be noted, that black's
dark-squared bishop is extremely passive at the moment.} Qd7 (29... Be7 {
is met by} 30. Nf5) 30. Rb1 $1 {locating the rook on the open "b" file.} Qe6 $6
({Better was} 30... Rc6 31. Re2 {[%cal Ye2d2] , but, the position favours
white anyway.}) 31. Nd5 $2 {missing more attractive continuation...} (31. Nxd6
$1 Nbxa4 (31... Qxd6 32. Qxd6 Bxd6 33. Rxb6 Nd3 34. Bxd3 Bxa3 $16) (31... Bxd6
32. Rxb6 $18) (31... Nxc4 32. Nexc4 Bxc4 33. Nxc8 $18) 32. Nxc8 Nc3 33. Qd8
Nxb1 (33... Rxc8 34. Qxa5 Nxb1 35. Rxb1 {-see 33...Nxb1}) 34. Rxb1 (34. Ne7+
Qxe7 35. Qxe7 (35. Qxa8 Nxa3 $19) 35... Bxe7 36. Rxb1 $11) 34... Rxc8 (34...
Qxc8 $142 35. Qd5 (35. Qxa5 Bxc4 $11) 35... Qe8 {[%cal Ya8d8]} 36. Bxc5 Rd8 37.
Bd6 Bxd6 38. Qxa5 $16) 35. Qxa5 Nb7 (35... Bxc4 36. Rb6 $18) (35... Bb7 36. Rb6
$16 {[%cal Ye3d5]}) 36. Qc3 Bxc4 37. Bxf8 (37. Rxb7 Ba6 38. Rc7 Rxc7 39. Qxc7
Bxa3 $11) 37... Ba6 (37... Ba2 38. Qe1 Bxb1 39. Qxb1 $18) 38. Qa3 Rxf8 39. Nd5
$18 {[%cal Gb1b6]}) 31... Nxd5 32. cxd5 Qd7 {After black closed the centre,
his position shouldn't be bad. His well-located knight compensates lack of
space.} 33. Qd2 Be7 {transfering the bishop to d8, afterware, it would be
possible to locate it on b6.} 34. Qxa5 {allowing black to change almost
everything...} ({Probably, white should have kept the tension with} 34. Rb2 Bd8
35. Reb1 Rab8 $14 {/=.}) 34... Bxb5 35. Qxb5 Qxb5 36. Rxb5 Nxa4 $11 {There is
no reason, that black can be worse here. The endgame is deadly drawish.} 37.
Bxa4 (37. Rb7 Rxc2 38. Rxe7 Ra6 {[%cal Ya4c5]} 39. Rb1 $2 Nc3 $19) 37... Rxa4
38. Rb3 Rc2 39. g3 g6 40. Kf1 Rcc4 41. f3 h5 1/2-1/2